Understanding organizational behavior (Record no. 60718)

MARC details
000 -LEADER
fixed length control field 00768nam a2200217 a 4500
008 - FIXED-LENGTH DATA ELEMENTS--GENERAL INFORMATION
fixed length control field 120416s1986 ||||||||||||||||| || u
020 ## - INTERNATIONAL STANDARD BOOK NUMBER
International Standard Book Number 0675201985
050 ## - LIBRARY OF CONGRESS CALL NUMBER
Classification number HD 58.7 Cal
100 ## - MAIN ENTRY--PERSONAL NAME
Personal name Knudson, Harry R
245 10 - TITLE STATEMENT
Title Understanding organizational behavior
246 ## - VARYING FORM OF TITLE
Title proper/short title a managerial viewpoint
260 ## - PUBLICATION, DISTRIBUTION, ETC.
Place of publication, distribution, etc. Columbus, Ohio
Name of publisher, distributor, etc. Charles E. Merrill
Date of publication, distribution, etc. 1986
300 ## - PHYSICAL DESCRIPTION
Extent xv, 637p. : ill
350 ## - PRICE (NR) (BK AM CF MU VM SE) [OBSOLETE]
Price 0.00
500 ## - GENERAL NOTE
General note Includes bibliographies and indexes.
650 ## - SUBJECT ADDED ENTRY--TOPICAL TERM
Topical term or geographic name entry element ORGANIZATIONAL BEHAVIOUR
650 #0 - SUBJECT ADDED ENTRY--TOPICAL TERM
Topical term or geographic name entry element MANAGEMENT
700 ## - ADDED ENTRY--PERSONAL NAME
Personal name Callahan, R. E. (Robert E.), 1944-
700 ## - ADDED ENTRY--PERSONAL NAME
Personal name Fleenor, C. Patrick, 1938-
995 ## - RECOMMENDATION 995 [LOCAL, UNIMARC FRANCE]
-- 0.00
-- CBU-MAIN LIBRARY (Kitwe)
-- 1
-- 16.50
-- 1
-- DAMAGED
-- Main Library Open Access Collection
Holdings
Withdrawn status Lost status Source of classification or shelving scheme Damaged status Not for loan Home library Current library Shelving location Date acquired Total Checkouts Full call number Barcode Date last seen Price effective from Koha item type
          CBU-MAIN LIBRARY, KITWE. CBU-MAIN LIBRARY, KITWE.   11/30/2022   HD 58.7 Cal 021473 11/30/2022 11/30/2022 MONOGRAPH